000 01063nam a22002655i 4500
001 159548
003 ES-MaACL
005 20250825000748.0
008 040804s1879 sp a |||| | spa d
040 _aCAM
_bspa
_cES-MaACL
080 _a372.41(07)
080 _a372.45(07)
245 0 0 _aMétodo de lectura-escritura :
_bprimer grado : procedimiento y ejercicios, útil a profesores de ambos sexos, instructores y padres de familia : parte del maestro /
_cpor los profesores de la Asociación Laboriosidad
260 _aBarcelona :
_b[s.n.],
_c1879
_f(Est. Tip. de El Porvenir)
300 _a119 páginas :
_bilustraciones ;
_c19 cm
594 _aEn portada: Segunda serie. Instrucción primaria
650 4 _aLectura-
_vLibros escolares
_914067
650 4 _aEscritura-
_vLibros escolares
_9241989
655 7 _aLibros de texto
_2tgfbne
_9226790
710 2 _aAsociación Laboriosidad
_eisb
_9134619
852 4 _aES-MaACL
_cSVI
_jD-959
_xHolandesa
942 _cMONANT
_n0
999 _c159548
_d159548